Squadre de LaLiga 2025/2026 - Statistics

Statistiche generali
  • Questo quiz è stato fatto 25 volte
  • Il punteggio medio è 14 su 20
Statistiche sulle risposte
Squadra % Corretto
FC Barcelona
100%
Real Madrid
100%
Atlético Madrid
95%
Sevilla FC
95%
Real Betis Balompié
89%
RCD Mallorca
79%
Valencia CF
79%
Villarreal CF
79%
Athletic Club
74%
Elche CF
68%
RCD Espanyol de Barcelona
68%
Real Sociedad
68%
CA Osasuna
63%
Girona FC
58%
Levante UD
58%
Rayo Vallecano
58%
Deportivo Alavés
53%
Getafe CF
53%
RC Celta de Vigo
53%
Real Oviedo
53%
Nessun quiz corrispondente trovato
Distribuzione punteggi
Percentuale di utenti per punteggio
Percentile per numero di risposta
I tuoi punteggi nel tempo
Non hai fatto questo quiz